| 000 | 01140nac a22003137a 4500 | ||
|---|---|---|---|
| 001 | BR8100814 | ||
| 003 | BR-BrBNA | ||
| 005 | 20240105114915.0 | ||
| 008 | 230509b bl.|||m| |||| 00| 0 por d | ||
| 040 |
_aBR-BrBNA _bpor _cBiblioteca Nacional de Agricultura |
||
| 072 | _aE70 | ||
| 090 | _a2120 BR8100814 | ||
| 100 | 1 | _aTopel, R.M.M. | |
| 100 | 1 | _aGoldenberg, I.J.E. | |
| 100 | 1 | _aGhilardi, A.A. | |
| 110 | 1 |
_aInstituto de Economia Agricola, Sao Paulo, SP (Brasil) _96029 |
|
| 245 | 1 | _aParticipacao das cooperativas de cafeicultores na comercializacao do cafe no Estado de Sao Paulo [Coffea arabica; Brasil] | |
| 246 | 1 | _a[Participation of coffee planters cooperatives in coffee marketing in the state of Sao Paulo [Coffea arabica; Brazil]] | |
| 260 | 3 |
_aSao Paulo, SP (Brasil): _c1980. |
|
| 300 | _a64 p. | ||
| 490 |
_aRelatorio de Pesquisa - Instituto de Economia Agricola (Brazil) _vno. 5 _x |
||
| 500 | _a11 ref.; 32 tables; Summary (Pt) | ||
| 650 | _aComercializacao | ||
| 650 | _aCafe | ||
| 650 | _aCooperativa | ||
| 650 | _aSao Paulo | ||
| 909 |
_a202312 _bLúcia Elande _c55 _dLúcia Elande |
||
| 942 |
_2AGRIS _n0 _cMS |
||
| 999 |
_c271975 _d271975 |
||